[Event "4th London Classic Open"]
[Site "London ENG"]
[Date "2012.12.04"]
[Round "4"]
[White "Harari,Z"]
[Black "McDonnell,J"]
[Result "1-0"]
[WhiteElo "2143"]
[BlackElo "1912"]
[WhiteFideId "2002639"]
[BlackFideId "2500787"]
[EventDate "2012.12.01"]

1. e4 c5 2. Nf3 Nc6 3. d4 cxd4 4. Nxd4 Nf6 5. Nc3 d6 6. Be2 e6 7. O-O a6 8. Be3
Qc7 9. f4 Be7 10. Qe1 O-O 11. Qg3 Kh8 12. Kh1 Bd7 13. Rad1 e5 14. fxe5 Nxe5 15.
Nf5 Bxf5 16. Rxf5 b5 17. a3 Rad8 18. Bg5 Ned7 19. Qh4 Rde8 20. Rdf1 Qd8 21. Bd3
Ng8 22. Bxe7 Qxe7 23. Qxe7 Nxe7 24. R5f2 Ne5 25. h3 Rb8 26. Rd1 Rb6 27. Bf1 Rd8
28. Rfd2 Kg8 29. a4 b4 30. Nd5 Nxd5 31. Rxd5 f6 32. Kg1 Kf8 33. Kf2 Ke7 34. Ke3
Rc8 35. R1d2 Rbc6 36. Ra5 Ra8 37. Be2 Ra7 38. Rad5 Ra8 39. R5d4 Rb8 40. Kf2 Rb7
41. Ke1 Rb8 42. Kd1 Rd8 43. Rxb4 Rdc8 44. Rb7+ Kf8 45. Ra7 Rb8 46. b3 g5 47.
Bxa6 h5 48. Bb5 Rcb6 49. c4 g4 50. a5 gxh3 51. gxh3 R6b7 52. Rxb7 Rxb7 53. a6
Ra7 54. Rxd6 Ke7 55. Rb6 Ra8 56. Kc2 h4 57. Bc6 Rg8 58. a7 1-0

[Event "4th London Classic Open"]
[Site "London ENG"]
[Date "2012.12.04"]
[Round "4"]
[White "Kane,Robert"]
[Black "Quinn,Joh"]
[Result "0-1"]
[WhiteElo "1827"]
[BlackElo "2127"]
[WhiteFideId "420468"]
[BlackFideId "405043"]
[EventDate "2012.12.01"]

1. d4 Nf6 2. c4 g6 3. f3 Bg7 4. e4 d6 5. Ne2 O-O 6. Nec3 c5 7. d5 a6 8. Qc2 e6
9. Bg5 b5 10. dxe6 fxe6 11. cxb5 Qb6 12. Na4 Qa5+ 13. Bd2 Qd8 14. Bc3 Bd7 15.
Qb3 axb5 16. Bxb5 c4 17. Qxc4 d5 18. Qb3 dxe4 19. Bxd7 Nbxd7 20. O-O exf3 21.
Rxf3 Nd5 22. Rxf8+ Qxf8 23. Nd2 Qf4 24. Nc4 Rb8 25. Rf1 Bd4+ 26. Bxd4 Qxd4+ 27.
Kh1 Rxb3 28. axb3 Qd3 0-1

[Event "4th London Classic Open"]
[Site "London ENG"]
[Date "2012.12.04"]
[Round "4"]
[White "White,A"]
[Black "Baterdene,Tsogbayar"]
[Result "1-0"]
[WhiteElo "2112"]
[BlackElo "1673"]
[WhiteFideId "2402041"]
[BlackFideId "4901592"]
[EventDate "2012.12.01"]

1. e4 c5 2. Nf3 d6 3. d4 cxd4 4. Nxd4 Nf6 5. Nc3 a6 6. h3 e6 7. g4 b5 8. Bg2 Bb7
9. O-O Be7 10. e5 dxe5 11. Bxb7 Ra7 12. Bc6+ Kf8 13. Ndxb5 axb5 14. Qxd8+ Bxd8
15. Bxb5 Bb6 16. Rd1 Ke7 17. Na4 Bc7 18. Be3 Rb7 19. Bc5+ Bd6 20. Bxd6+ Kd8 21.
Bxb8+ Nd5 22. Bxe5 Rxb5 23. c4 Rb4 24. b3 f6 25. Bc3 Rb8 26. cxd5 exd5 27. Rxd5+
Ke7 28. Re1+ Kf7 29. Rd7+ Kg6 30. Ree7 Rhg8 31. f4 h5 32. f5+ Kh6 33. Nc5 Rbc8
34. Ne4 hxg4 35. hxg4 Rc6 36. Rd3 Rxc3 1-0

[Event "4th London Classic Open"]
[Site "London ENG"]
[Date "2012.12.04"]
[Round "4"]
[White "Burnham,Frank D"]
[Black "Seymour,T"]
[Result "0-1"]
[WhiteElo "1792"]
[BlackElo "2093"]
[WhiteFideId "419516"]
[BlackFideId "412112"]
[EventDate "2012.12.01"]

1. b4 e5 2. Bb2 Bxb4 3. Bxe5 Nf6 4. Nf3 Nc6 5. Bb2 d5 6. e3 O-O 7. Be2 Re8 8.
O-O Bg4 9. c3 Bd6 10. d3 Ne5 11. Nxe5 Bxe2 12. Qxe2 Bxe5 13. d4 Bd6 14. Nd2 c6
15. h3 b5 16. a4 Qe7 17. axb5 cxb5 18. Nb3 a6 19. Ra2 Ne4 20. Rfa1 Qb7 21. Qd3
Rec8 22. Nc1 Rc6 23. Ne2 Rac8 24. Rc1 g6 25. f3 Ng3 26. Nxg3 Bxg3 27. e4 Re6 28.
e5 Qb6 29. Kh1 Rce8 30. Rf1 f6 31. f4 Bh4 32. g3 fxe5 33. gxh4 exf4 34. Qf3 Re4
35. Bc1 Qf6 36. h5 g5 37. Rg2 h6 38. h4 Kh7 39. hxg5 hxg5 40. h6 Rg8 41. Qg4 Qe6
42. Qh5 Rg6 43. Kg1 Qf5 44. Rg4 Qf6 45. Bd2 Re8 46. Rfxf4 gxf4 47. Kf2 Rxg4 48.
Qxg4 Rg8 49. Qd7+ Kh8 50. Qxd5 Qh4+ 51. Ke2 Qg4+ 52. Kd3 Qg6+ 53. Ke2 Qg2+ 54.
Qxg2 Rxg2+ 55. Kd3 f3 56. Ke3 f2 57. Ke2 f1=Q+ 58. Kxf1 Rxd2 59. Ke1 Rd3 60. Ke2
Rxc3 61. Kd2 Rc8 0-1

[Event "4th London Classic Open"]
[Site "London ENG"]
[Date "2012.12.04"]
[Round "4"]
[White "Whatley,Stephen A J"]
[Black "Compton,A"]
[Result "1/2-1/2"]
[WhiteElo "1707"]
[BlackElo "2090"]
[WhiteFideId "420441"]
[BlackFideId "4300645"]
[EventDate "2012.12.01"]

1. d4 e6 2. Nf3 d5 3. Bg5 Be7 4. Bxe7 Qxe7 5. Nbd2 Nf6 6. e3 Nbd7 7. Bd3 O-O 8.
Qe2 c5 9. c3 e5 10. dxe5 Nxe5 11. Nxe5 Qxe5 12. h3 Re8 13. Nf3 Qc7 14. O-O a6
15. Rfc1 Bd7 16. a4 Rac8 17. Qc2 Qd6 18. Rd1 Bc6 19. c4 d4 20. Nh2 Qc7 21. exd4
cxd4 22. Bf5 Be4 23. Bxe4 Rxe4 24. Ng4 Rce8 25. Nxf6+ gxf6 26. Qd3 Qf4 27. b3 h5
28. Qf3 Qe5 29. Rab1 h4 1/2-1/2

[Event "4th London Classic Open"]
[Site "London ENG"]
[Date "2012.12.04"]
[Round "4"]
[White "Gikas,A"]
[Black "Jones,Chris S"]
[Result "1-0"]
[WhiteElo "2210"]
[BlackElo "1834"]
[WhiteFideId "4623509"]
[BlackFideId "414905"]
[EventDate "2012.12.01"]

1. e4 c5 2. Nf3 d6 3. d4 cxd4 4. Nxd4 Nf6 5. Nc3 g6 6. Be2 Bg7 7. O-O Nc6 8. Nb3
O-O 9. Kh1 a6 10. a4 Be6 11. f4 Qc7 12. Be3 Rac8 13. f5 Bxb3 14. cxb3 Ne5 15. g4
Qc6 16. Bf3 Nxf3 17. Qxf3 e6 18. g5 Nd7 19. f6 Bh8 20. Rac1 Ne5 21. Qh3 Qe8 22.
Bf4 h5 23. Qg3 Qd8 24. Nb1 Rxc1 25. Rxc1 Bxf6 26. gxf6 Qxf6 27. Bg5 Qg7 28. Be7
Qh6 29. Re1 Rc8 30. Bxd6 Ng4 31. h3 Nf6 32. Nc3 Qd2 33. Re2 Qc1+ 34. Qe1 Qg5 35.
Qf2 Rd8 36. Be7 Rd3 37. Qxf6 Rxh3+ 38. Rh2 Qc1+ 39. Kg2 Re3 40. Qf2 Rd3 41. Rh1 1-0

[Event "4th London Classic Open"]
[Site "London ENG"]
[Date "2012.12.04"]
[Round "4"]
[White "Farrand,T"]
[Black "Gibson,Ch"]
[Result "1/2-1/2"]
[WhiteElo "2200"]
[BlackElo "1975"]
[WhiteFideId "406457"]
[BlackFideId "414697"]
[EventDate "2012.12.01"]

1. d4 Nf6 2. Nc3 d5 3. Bg5 Bf5 4. e3 c6 5. Bd3 Bxd3 6. Qxd3 Nbd7 7. Nf3 e6 8.
Ne5 Be7 9. f4 Nxe5 10. fxe5 Nd7 11. Bxe7 Qxe7 12. O-O O-O-O 13. Na4 Kb8 14. c4
f6 15. exf6 Nxf6 16. Rac1 dxc4 17. Qxc4 e5 18. Rce1 exd4 19. exd4 Qd6 20. Nc5
Rhe8 21. Qb4 Qxd4+ 22. Qxd4 Rxd4 23. Rxe8+ Nxe8 24. Rf7 Rc4 25. Rxb7+ Kc8 26.
Re7 Rxc5 27. Rxe8+ 1/2-1/2

[Event "4th London Classic Open"]
[Site "London ENG"]
[Date "2012.12.04"]
[Round "4"]
[White "Varnam,L"]
[Black "Bermingham,Tony"]
[Result "1-0"]
[WhiteElo "2140"]
[BlackElo "1959"]
[WhiteFideId "410950"]
[BlackFideId "2504103"]
[EventDate "2012.12.01"]

1. e4 d5 2. exd5 Qxd5 3. Nc3 Qa5 4. d4 Nf6 5. Bc4 Bg4 6. Ne2 e6 7. f3 Bf5 8. Ng3
Bg6 9. Qe2 c6 10. O-O Nbd7 11. a3 Bd6 12. Nce4 Nxe4 13. Nxe4 Bxe4 14. fxe4 O-O
15. e5 Nxe5 16. dxe5 Bxe5 17. Re1 Bf6 18. c3 b5 19. Bd3 Qc7 20. Qe4 g6 21. Bf4
Qb6+ 22. Kh1 Rad8 23. Rad1 Rd5 24. Qe3 Qd8 25. Be2 Qa5 26. Bf3 Rxd1 27. Rxd1 Qa4
28. Rd7 a6 29. Bh6 Bg7 30. Bxg7 Kxg7 31. Qd4+ Qxd4 32. Rxd4 f5 33. Bxc6 e5 34.
Rd6 g5 35. Kg1 Kf7 36. Bd5+ Ke7 37. Re6+ Kd7 38. Rxa6 Ke7 39. Bc6 Rd8 40. Bxb5 1-0

[Event "4th London Classic Open"]
[Site "London ENG"]
[Date "2012.12.04"]
[Round "4"]
[White "Fields,F"]
[Black "Johansson,To"]
[Result "0-1"]
[WhiteElo "1933"]
[BlackElo "2100"]
[WhiteFideId "409367"]
[BlackFideId "1703269"]
[EventDate "2012.12.01"]

1. Nf3 c5 2. b3 Nc6 3. Bb2 d6 4. e3 e5 5. d4 e4 6. Nfd2 cxd4 7. Nxe4 dxe3 8.
fxe3 Qh4+ 9. Ng3 Nf6 10. Nc3 Be7 11. Nd5 Nxd5 12. Qxd5 Be6 13. Qf3 Qb4+ 14. c3
Qa5 15. Be2 Bf6 16. O-O Bxc3 17. Bxc3 Qxc3 18. Rac1 Qe5 19. Rxc6 Bd5 20. e4 Bxc6
21. Qxf7+ Kd8 22. Nf5 Rc8 23. Nxg7 Bd7 24. Bc4 Rc7 25. Nf5 b5 26. Bd5 Bxf5 27.
Qxf5 Qxf5 28. exf5 Rc5 29. Be4 Re5 30. Bd3 Rd5 31. Rf3 Rf8 32. g4 h6 33. h4 Rg8
34. Rg3 Rd4 35. Be2 h5 36. g5 Rxh4 37. Kg2 Rf4 38. Bxb5 h4 39. Rd3 Rxg5+ 40. Kh3
Rg3+ 41. Rxg3 hxg3 42. Kxg3 Rxf5 43. Bd3 Rd5 44. Bc4 Rd2 45. a4 d5 46. Bb5 Rb2
47. Kf4 Kc7 48. Ke5 Rd2 49. Ba6 Kb6 50. Bc8 Kc5 51. Bb7 a5 52. Ba8 Re2+ 53. Kf4
Re7 0-1

[Event "4th London Classic Open"]
[Site "London ENG"]
[Date "2012.12.04"]
[Round "4"]
[White "Cannon,Ri"]
[Black "Matthew,Ian G"]
[Result "1-0"]
[WhiteElo "2071"]
[BlackElo "1948"]
[WhiteFideId "408670"]
[BlackFideId "423165"]
[EventDate "2012.12.01"]

1. e4 c5 2. Nf3 e6 3. d4 cxd4 4. Nxd4 a6 5. Bd3 Nc6 6. Nxc6 dxc6 7. Nd2 e5 8.
Nc4 Qc7 9. Qh5 Bd6 10. Qg5 g6 11. O-O b5 12. Nxd6+ Qxd6 13. f4 h6 14. Qg3 exf4
15. Bxf4 Qd4+ 16. Kh1 1-0

[Event "4th London Classic Open"]
[Site "London ENG"]
[Date "2012.12.04"]
[Round "4"]
[White "Burke,J"]
[Black "Vachtfeidl,P"]
[Result "1/2-1/2"]
[WhiteElo "2068"]
[BlackElo "1945"]
[WhiteFideId "404322"]
[BlackFideId "315028"]
[EventDate "2012.12.01"]

1. e4 c5 2. Nc3 Nc6 3. f4 e6 4. Nf3 d5 5. d3 Nf6 6. e5 Nd7 7. d4 a6 8. Ne2 b5 9.
c3 b4 10. g3 a5 11. Bh3 g6 12. O-O Ba6 13. Rf2 Rc8 14. g4 Bxe2 15. Qxe2 h5 16.
gxh5 Rxh5 17. Bg4 Rh8 18. Be3 bxc3 19. bxc3 cxd4 20. cxd4 Nb4 21. Rc1 Rxc1+ 22.
Bxc1 Qc7 23. Be3 Qc4 24. Ne1 Nb6 25. a3 Qxe2 26. Bxe2 Nc6 27. Bb5 Kd7 28. Rc2
Nc4 29. Bxc4 dxc4 30. Rc3 Na7 31. Rxc4 Bxa3 32. Bd2 Nc6 33. Bxa5 Nxa5 34. Ra4
Bb2 35. Rxa5 Bxd4+ 36. Kg2 Rb8 37. Nf3 Rb2+ 38. Kh3 Bb6 39. Ra8 Bd8 40. Ra7+ Ke8
41. Kg3 Rb8 42. Kg4 Kf8 43. Nd2 Rb2 44. Nf3 Rb8 45. h3 Kg7 46. Rd7 Ra8 47. Nd4
Kf8 48. Nb5 Be7 49. Rb7 Rd8 50. Na7 Bc5 51. Nc6 Rc8 52. Nb8 Be7 53. Nd7+ Kg7 54.
Nb6 Re8 55. Nc4 Kf8 56. Kf3 Rc8 57. Nd2 Rc3+ 58. Kg4 Rd3 59. Ne4 Rd1 60. Ng3 Rd8
61. h4 Rd1 62. h5 gxh5+ 63. Nxh5 Rg1+ 64. Kf3 Rd1 65. Ng3 Bh4 66. Ne4 Be7 67.
Ke2 Rd8 68. Ng3 Rd4 69. Nh5 Rd8 70. Ke3 Bh4 71. Ke4 Rd1 72. Kf3 Rd8 73. Kg4 Be7
74. Ra7 Rb8 75. Rd7 Rd8 76. Rb7 Ra8 77. Ng3 Rc8 78. Rb1 Kg7 79. Re1 Rd8 80. Re4
Ra8 81. Rd4 Rd8 82. Rc4 Ra8 83. Rc7 Kf8 84. Rc4 Rb8 85. f5 Rb4 86. Rxb4 exf5+
87. Kxf5 Bxb4 88. Ne4 Ke7 89. Nf6 Ba3 90. Nd5+ Kf8 91. Nb6 Bb2 92. Nd7+ Ke7 93.
Nf6 Bxe5 1/2-1/2

[Event "4th London Classic Open"]
[Site "London ENG"]
[Date "2012.12.04"]
[Round "4"]
[White "Bass,J"]
[Black "O'Molloy,Eamonn"]
[Result "1/2-1/2"]
[WhiteElo "2065"]
[BlackElo "1926"]
[WhiteFideId "407925"]
[BlackFideId "2505843"]
[EventDate "2012.12.01"]

1. d4 d5 2. c4 e6 3. Nc3 Nf6 4. Bf4 Be7 5. e3 O-O 6. Nf3 c5 7. dxc5 Bxc5 8. a3
dxc4 9. Bxc4 a6 10. Qe2 b5 11. Ba2 Bb7 12. O-O Nbd7 13. Rfd1 Qb6 14. Rac1 Rfd8
15. b4 Be7 16. e4 Bc6 17. Nd4 Rac8 18. Nxc6 Rxc6 19. e5 Ne8 20. Bb1 Rc4 21. Ne4
Rxc1 22. Rxc1 Nf8 23. Be3 Qb8 24. f4 Rd5 25. Nd2 Rd7 26. Nb3 Rc7 27. Bc5 Bxc5+
28. Rxc5 Nd7 29. Rc2 Qb6+ 30. Qf2 Rxc2 31. Bxc2 Qxf2+ 32. Kxf2 Nb6 33. Nc5 Nc7
34. Be4 Nc4 35. Bb7 Nxa3 36. Nxa6 Nxa6 37. Bxa6 Nc2 1/2-1/2

[Event "4th London Classic Open"]
[Site "London ENG"]
[Date "2012.12.04"]
[Round "4"]
[White "Millward,R"]
[Black "Hajenius,W"]
[Result "1-0"]
[WhiteElo "2048"]
[BlackElo "1922"]
[WhiteFideId "405698"]
[BlackFideId "201138"]
[EventDate "2012.12.01"]

1. e4 c5 2. Nf3 Nf6 3. Nc3 Nc6 4. d4 d5 5. exd5 Nxd5 6. dxc5 Nxc3 7. Qxd8+ Nxd8
8. bxc3 g6 9. Bb5+ Nc6 10. Be3 Bg7 11. Bd4 f6 12. Nd2 e5 13. Be3 Be6 14. Bc4
Bxc4 15. Nxc4 O-O 16. Rb1 Rab8 17. O-O f5 18. f3 f4 19. Bf2 e4 20. fxe4 Bxc3 21.
Rfd1 Rfe8 22. Nd6 Re7 23. Rb3 Bf6 24. c3 Be5 25. Bh4 Rd7 26. Bg5 b6 27. Rdb1 Kg7
28. Nc4 Bc7 29. cxb6 axb6 30. Nxb6 Rf7 31. Nd5 Rxb3 32. axb3 h6 33. Nxc7 hxg5
34. Nd5 Ne5 35. b4 g4 36. b5 f3 37. b6 f2+ 38. Kf1 g3 39. hxg3 Nc4 40. Rd1 Rd7
41. Rd4 Rf7 42. Rxc4 1-0

[Event "4th London Classic Open"]
[Site "London ENG"]
[Date "2012.12.04"]
[Round "4"]
[White "Yurenok,M"]
[Black "Jakobsen,Alf Gjoran"]
[Result "1-0"]
[WhiteTitle "WF"]
[WhiteElo "2041"]
[BlackElo "1901"]
[WhiteFideId "409359"]
[BlackFideId "1508008"]
[EventDate "2012.12.01"]

1. d4 Nf6 2. c4 g6 3. Nc3 Bg7 4. e4 d6 5. f3 O-O 6. Nge2 Nc6 7. Be3 e5 8. Qd2
Ne8 9. O-O-O f5 10. dxe5 Nxe5 11. exf5 Bxf5 12. Nd4 Bd7 13. h4 Nf6 14. Nd5 Nxd5
15. cxd5 h5 16. Bg5 Bf6 17. f4 Ng4 18. Bd3 Qe8 19. Rde1 Qf7 20. Ne6 Bxe6 21.
dxe6 Qg7 22. g3 Kh8 23. Kb1 Rae8 24. Qc2 Kh7 25. f5 Ne5 26. fxg6+ Kh8 27. Bxf6
Rxf6 28. Rxe5 dxe5 29. g4 Rexe6 30. gxh5 Rf4 31. Qg2 e4 32. Bc4 Ref6 33. Rd1 Rf2
34. Rd8+ Rf8 35. Rxf8+ Qxf8 36. g7+ Qxg7 37. Qxf2 Qg4 38. Qf6+ Kh7 39. Qg6+ Qxg6
40. hxg6+ Kxg6 41. Be2 c6 42. Kc2 Kf5 43. Kc3 Ke5 44. h5 1-0

[Event "4th London Classic Open"]
[Site "London ENG"]
[Date "2012.12.04"]
[Round "4"]
[White "Fontaine,O"]
[Black "De Coverly,R"]
[Result "1/2-1/2"]
[WhiteElo "1904"]
[BlackElo "2038"]
[WhiteFideId "666548"]
[BlackFideId "405213"]
[EventDate "2012.12.01"]

1. d4 Nf6 2. c4 g6 3. Nf3 Bg7 4. g3 d6 5. Bg2 O-O 6. O-O Nc6 7. Nc3 Rb8 8. b3 a6
9. Qc2 Bg4 10. Rd1 Qd7 11. a3 Nh5 12. Be3 f5 13. d5 Nd8 14. Bd4 f4 15. Bxg7 Nxg7
16. Nd4 Bh3 17. Re1 Bxg2 18. Kxg2 e5 19. dxe6 Ndxe6 20. Rad1 Nxd4 21. Rxd4 Ne6
22. Rd3 Rbe8 23. Nd5 f3+ 24. Rxf3 Rxf3 25. exf3 Qf7 26. Re4 Rf8 27. f4 c6 28.
Ne3 Nc5 29. Rd4 Qf6 30. Qd1 Nxb3 31. Rxd6 Qb2 32. Ng4 Nc5 33. Qe1 Qg7 34. Ne5
Qc7 35. Qd1 Qb6 36. h4 Ne4 37. Rd4 Nf6 38. Qd3 Kg7 39. Nf3 Rf7 40. Ne5 Rf8 41.
Rd6 Qc5 42. Nd7 Nxd7 43. Rxd7+ Rf7 44. Qc3+ Kg8 45. Rd8+ Rf8 46. Rd7 Rf7 47.
Rd8+ Rf8 48. Rd7 1/2-1/2

[Event "4th London Classic Open"]
[Site "London ENG"]
[Date "2012.12.04"]
[Round "4"]
[White "Hoegener,C"]
[Black "Othman,Mustapha"]
[Result "1-0"]
[WhiteElo "2037"]
[BlackElo "1865"]
[WhiteFideId "4000978"]
[BlackFideId "8500797"]
[EventDate "2012.12.01"]

1. d4 d5 2. Nf3 Nf6 3. Bg5 h6 4. Bxf6 exf6 5. e3 Bd6 6. Bd3 Bg4 7. Nbd2 Nc6 8.
c3 Ne7 9. Qc2 c6 10. h3 Be6 11. a3 a5 12. e4 a4 13. c4 O-O 14. exd5 cxd5 15. c5
Bf4 16. Nb1 Qd7 17. Nc3 Bf5 18. Bxf5 Nxf5 19. O-O g6 20. Qd3 Ra5 21. Rfe1 h5 22.
Re2 h4 23. Nh2 Kg7 24. Rd1 Rd8 25. Ng4 Bc7 26. Rc2 b6 27. Ne2 bxc5 28. Rxc5 Rxc5
29. dxc5 d4 30. Kf1 Be5 31. Ne3 Ne7 32. Nc2 Nc6 33. Nb4 Qb7 34. f4 Bc7 35. Qe4
Na5 36. Qxb7 Nxb7 37. c6 Na5 38. Rxd4 Rxd4 39. Nxd4 Bxf4 40. Nb5 Nxc6 41. Nxc6
Bc1 42. Na5 Bxb2 43. Nc4 Ba1 44. Nb6 Kf8 45. Nxa4 Be5 46. Nb6 Ke8 47. a4 Bf4 48.
a5 Be3 49. Nc4 Bc5 50. a6 Kd7 51. a7 Bxa7 52. Nxa7 Ke6 53. Ke2 Kd5 54. Kd3 f5
55. Nb5 g5 56. Ne3+ Ke5 57. Nd4 g4 58. Ndxf5 gxh3 59. gxh3 Kf4 60. Ke2 f6 61.
Kf2 Kg5 62. Kf3 Kh5 63. Kf4 Kg6 64. Kg4 Kh7 65. Nxh4 f5+ 66. Nexf5 Kh8 67. Kg5
Kh7 68. Ng6 Kg8 69. Ng3 Kh7 70. Ne4 Kg7 71. h4 Kh7 72. h5 Kg7 73. h6+ Kg8 74.
Nf6+ Kf7 75. h7 1-0

[Event "4th London Classic Open"]
[Site "London ENG"]
[Date "2012.12.04"]
[Round "4"]
[White "Reutimann,H"]
[Black "Ditmas,H"]
[Result "0-1"]
[WhiteElo "1783"]
[BlackElo "2011"]
[WhiteFideId "1313886"]
[BlackFideId "1270666"]
[EventDate "2012.12.01"]

1. d4 Nf6 2. Nf3 e6 3. Bf4 c5 4. e3 Qb6 5. Nc3 a6 6. Rb1 cxd4 7. exd4 d5 8. Bd3
Nc6 9. Ne2 Nb4 10. c3 Nxd3+ 11. Qxd3 Bd6 12. O-O O-O 13. Bxd6 Qxd6 14. Ne5 Bd7
15. Nxd7 Qxd7 16. Ng3 b5 17. Rfe1 Rac8 18. f3 Rc4 19. Nf1 Rfc8 20. Nd2 R4c6 21.
Nb3 Qc7 22. a3 Nd7 23. Re2 Rb8 24. Nc1 a5 25. Na2 Rb7 26. g3 Nb8 27. Qd2 Na6 28.
Kg2 b4 29. axb4 axb4 30. cxb4 h6 31. Ra1 Qb8 32. Kh3 Rcb6 33. Rb1 Nxb4 34. Nxb4
Rxb4 35. Qc3 Rc7 36. Qe3 Rcc4 37. Rd2 Qb6 38. Ra1 Rxd4 39. Ra8+ Kh7 40. Rc2 Rh4+ 0-1

[Event "4th London Classic Open"]
[Site "London ENG"]
[Date "2012.12.04"]
[Round "4"]
[White "Mc Aleenan,C"]
[Black "Pauw,M"]
[Result "1/2-1/2"]
[WhiteElo "1813"]
[BlackElo "2011"]
[WhiteFideId "2461617"]
[BlackFideId "1008447"]
[EventDate "2012.12.01"]

1. c4 e5 2. g3 c6 3. d4 exd4 4. Qxd4 d5 5. Bg2 Be6 6. Nf3 Nf6 7. cxd5 cxd5 8.
O-O Nc6 9. Qa4 Bc5 10. Bg5 h6 11. Bxf6 Qxf6 12. Nc3 O-O 13. Rac1 Rfd8 14. Rfd1
Rac8 15. e3 Bb6 16. Rd2 Rd7 17. Ne2 Rcd8 18. Ned4 1/2-1/2

[Event "4th London Classic Open"]
[Site "London ENG"]
[Date "2012.12.04"]
[Round "4"]
[White "Gschwendtner,S"]
[Black "Strand,O"]
[Result "1/2-1/2"]
[WhiteElo "2004"]
[BlackElo "1854"]
[WhiteFideId "307297"]
[BlackFideId "1507230"]
[EventDate "2012.12.01"]

1. c4 c5 2. g3 g6 3. Bg2 Bg7 4. Nc3 Nc6 5. Nf3 d6 6. O-O e5 7. Ne1 Nge7 8. Nc2
O-O 9. Ne3 Rb8 10. Rb1 a6 11. a3 b5 12. cxb5 axb5 13. b4 cxb4 14. axb4 Be6 15.
Ned5 Nxd5 16. Nxd5 Ne7 17. Qb3 Qd7 18. d3 Rfc8 19. Bb2 Nxd5 20. Bxd5 Bh6 21. e3
Bxd5 22. Qxd5 Qc6 23. Qxc6 Rxc6 24. Rfc1 Rbc8 25. Rxc6 Rxc6 26. Rc1 Rxc1+ 27.
Bxc1 d5 28. Bb2 e4 29. Kf1 f5 30. Ke2 Kf7 31. h4 Bf8 32. Bc3 Ke6 33. f4 1/2-1/2

[Event "4th London Classic Open"]
[Site "London ENG"]
[Date "2012.12.04"]
[Round "4"]
[White "Watson,Darrell A"]
[Black "Walinga,E"]
[Result "0-1"]
[WhiteElo "1758"]
[BlackElo "2004"]
[WhiteFideId "420476"]
[BlackFideId "1011898"]
[EventDate "2012.12.01"]

1. d4 Nf6 2. c4 g6 3. g3 Bg7 4. Bg2 O-O 5. Nf3 d6 6. Nc3 a6 7. O-O Nc6 8. Bg5 h6
9. Be3 Rb8 10. h3 b5 11. Qd2 Kh7 12. Ng5+ hxg5 13. Bxc6 bxc4 14. Kg2 Rh8 15.
Bxg5 Kg8 16. Rh1 Be6 17. Bf3 Qd7 18. h4 c6 19. Rab1 Bg4 20. Qf4 Bxf3+ 21. Qxf3
Ng4 22. Bxe7 f5 23. Bg5 Bxd4 24. e3 Bg7 25. Rhd1 Kh7 26. Na4 Ne5 27. Qe2 c5 28.
Nxc5 Qc6+ 29. Ne4 Qxe4+ 30. f3 Qc6 31. Be7 d5 32. h5 Nd3 33. b3 gxh5 34. Rxd3
cxd3 35. Qxd3 Rhc8 36. Kh3 Qc2 37. Qf1 Rb7 38. Ba3 f4 39. Qxa6 Rbc7 40. Rg1 Rc6
41. Qb7 fxe3 42. g4 hxg4+ 43. fxg4 0-1

[Event "4th London Classic Open"]
[Site "London ENG"]
[Date "2012.12.04"]
[Round "4"]
[White "Sigurdsson,Birkir Karl"]
[Black "Cannon,Ra"]
[Result "1/2-1/2"]
[WhiteElo "1725"]
[BlackElo "1998"]
[WhiteFideId "2304180"]
[BlackFideId "408018"]
[EventDate "2012.12.01"]

1. c4 b6 2. g3 Bb7 3. Nf3 Bxf3 4. exf3 c5 5. Bg2 Nc6 6. O-O g6 7. Nc3 Bg7 8. d3
Nf6 9. Bd2 O-O 10. Rb1 Rc8 11. a3 d5 12. Qc1 Ne5 13. Qc2 dxc4 14. dxc4 Nxc4 15.
Bc1 Nd6 16. Ne4 Nf5 17. Qa4 Qc7 18. Re1 Nd4 19. Bf4 e5 20. Nxf6+ Bxf6 21. Be3
Nf5 22. Bd2 Rfd8 23. Bc3 Nd4 24. Re4 Bg7 25. g4 f5 26. Ree1 Qd7 27. Qc4+ Qf7 28.
Qf1 fxg4 29. fxg4 Nf3+ 30. Bxf3 Qxf3 31. Qg2 Qxg2+ 32. Kxg2 Re8 33. Re4 Kf7 34.
Rbe1 g5 35. Bxe5 1/2-1/2

[Event "4th London Classic Open"]
[Site "London ENG"]
[Date "2012.12.04"]
[Round "4"]
[White "Obiamiwe,P"]
[Black "Dror,L"]
[Result "0-1"]
[WhiteElo "1997"]
[BlackElo "1782"]
[WhiteFideId "8500215"]
[BlackFideId "2809583"]
[EventDate "2012.12.01"]

1. Nf3 Nf6 2. c4 g6 3. g3 Bg7 4. Bg2 d6 5. O-O O-O 6. h3 Na6 7. Nc3 c6 8. d4 Nc7
9. e4 a6 10. a4 Rb8 11. Qe2 b5 12. cxb5 axb5 13. a5 b4 14. Na4 Ba6 15. Qe1 Bxf1
16. Bxf1 Nd7 17. Be3 Ne6 18. d5 cxd5 19. exd5 Nec5 20. Nxc5 dxc5 21. Qc1 Ra8 22.
a6 Qb6 23. Nd2 Rfc8 24. Nc4 Qc7 25. Bg2 Ra7 26. Bf1 Nb6 27. Bf4 Qd8 28. Nxb6
Qxb6 29. Bc4 Bd4 30. Be3 Qf6 31. Rb1 Rd8 32. Kg2 Rd6 33. Qd2 Qf5 34. Rd1 Qe4+
35. f3 Qxe3 36. Qxe3 Bxe3 0-1

[Event "4th London Classic Open"]
[Site "London ENG"]
[Date "2012.12.04"]
[Round "4"]
[White "Bratteteig,Tore-Inge"]
[Black "Pleininger,R"]
[Result "1-0"]
[WhiteElo "1684"]
[BlackElo "1997"]
[WhiteFideId "1510711"]
[BlackFideId "1305999"]
[EventDate "2012.12.01"]

1. d4 Nf6 2. c4 e6 3. Nf3 b6 4. g3 Bb7 5. Bg2 Bb4+ 6. Bd2 Qe7 7. Nc3 Bxc3 8.
Bxc3 d6 9. O-O O-O 10. b4 Ne4 11. Be1 Nd7 12. Qb3 f5 13. Nd2 Ndf6 14. Nxe4 Nxe4
15. f3 Nf6 16. Bd2 Kh8 17. Rae1 e5 18. dxe5 dxe5 19. e4 fxe4 20. fxe4 h6 21. Qc2
Rfd8 22. Bc3 Rd6 23. Qb2 Re8 24. Rf5 Nd7 25. Ref1 Rf6 26. Kh1 Ba6 27. Qe2 Qe6
28. b5 Bb7 29. Bb4 a5 30. Ba3 g6 31. Rxf6 Nxf6 32. h3 Kg7 33. Kh2 Rd8 34. Bb2
Qd6 35. Bc3 Bc8 36. Qb2 Re8 37. Re1 Re7 38. Re2 Bd7 39. Rd2 Qe6 40. Rf2 Nxe4 41.
Bxe4 Qxh3+ 42. Kg1 Qxg3+ 43. Bg2 Kg8 44. Qd2 Bf5 45. Rf3 Qg5 46. Qxg5 hxg5 47.
Re3 e4 48. Bf6 Rd7 49. Bxe4 Rd1+ 50. Kf2 Rd2+ 51. Ke1 Rxa2 52. Bd5+ Kf8 53. Re7
g4 54. Rh7 1-0

[Event "4th London Classic Open"]
[Site "London ENG"]
[Date "2012.12.04"]
[Round "4"]
[White "Haddock,Paul"]
[Black "Webster,R"]
[Result "1-0"]
[WhiteElo "1665"]
[BlackElo "1994"]
[WhiteFideId "419150"]
[BlackFideId "409162"]
[EventDate "2012.12.01"]

1. e4 e6 2. d4 d5 3. exd5 exd5 4. Nf3 Bd6 5. Bd3 Ne7 6. O-O c6 7. Re1 O-O 8. Bg5
f6 9. Bh4 Re8 10. Nbd2 Nd7 11. Bg3 Nf8 12. Bxd6 Qxd6 13. c3 Bg4 14. h3 Bh5 15.
Qc2 Qd7 16. Re2 Bg6 17. Rae1 Bxd3 18. Qxd3 Nfg6 19. Qe3 Kf8 20. Qe6 Qc7 21. g3
Red8 22. h4 Rd6 23. Qg4 Ng8 24. h5 N6e7 25. Nh4 Qd7 26. Qf4 Rd8 27. Ndf3 Qe8 28.
Nf5 R6d7 29. g4 Qf7 30. Re6 Nxf5 31. Qxf5 g6 32. hxg6 hxg6 33. Qf4 g5 34. Qe3
Kg7 35. Nxg5 fxg5 36. Qxg5+ Kh8 37. Kg2 1-0